ระบบห้องสมุดอัตโนมัติ ULibM
วิทยาลัยพยาบาลบรมราชชนนี พระพุทธบาท
เปลี่ยนเป็นภาษาไทย

Change to English
 แสดงรายละเอียดบรรณานุกรม
  กลับหน้าหลัก

Brief Record : Get Marc (ISO 2709) : E-mail record : QR code ปิดหน้าต่าง
สารบัญ Review โดย
รัตนาพร พรมเดช
วิทยาลัยพยาบาลบรมราชชนนี พระพุทธบาท
รัตนาพร พรมเดช เมื่อ21/มีนาคม/2568
บทที่ 1 แนวคิดเกี่ยวกับการพยาบาลผู้ใหญ่
บทที่ 2 ระบบหายใจ
บทที่ 3 การพยาบาลผู้ป่วยโรคหอบหืด
บทที่ 4 การพยาบาลผู้ป่วยที่มีภาวะปอดอักเสบ
บทที่ 5 การพยาบาลผู้ป่วยโรคปอดอุดกั้นเรื้อรัง
บทที่ 6 การพยาบาลผู้ป่วยที่มีภาวะลมในช่องเยื่อหุ้มปอด
บทที่ 7 การพยาบาลผู้ป่วยที่มีความผิดปกติของระบบหลอดเลือดแดงและหัวใจ
บทที่ 8 การพยาบาลผู้ป่วยที่มีภาวะหัวใจล้มเหลว
บทที่ 9 การพยาบาลผู้ป่วยที่มีภาวะกล้ามเนื้อหัวใจตาย
บทที่ 10 การพยาบาลผู้ป่วยที่มีความผิดปกติของลิ้นหัวใจ
บทที่ 11 การพยาบาลผู้ป่วยที่มีความผิดปกติของลิ้นหัวใจ
บทที่ 12 การพยาบาลผู้ป่วยโรคหลอดเลือดสมอง
บทที่ 13 การพยาบาลผู้ป่วยที่มีภาวะความดันในกะโหลกศีรษะสูง
บทที่ 14 การพยาบาลผู้ป่วยกลุ่มอาการกิลแลง-บาร์เร
บทที่ 15 การพยาบาลผู้ป่วยโรคกล้ามเนื้ออ่อนแรง
บทที่ 16 การพยาบาลผู้ป่วยที่มีภาวะช็อก
 

E-books : เกี่ยวกับ Collections
LEADER 00000nam 2200000uu 4500
001    13399130136
003     ULIBM
008    020711s2567 th a 000 0 tha d
020    9789740342724
060    WY150 ข275ก 2567
100    ขวัญฤทัย ธรรมกิจไพโรจน์
245    การพยาบาลอายุรศาสตร์ที่พบบ่อย
250    พิมพ์ครั้งที่ 2
260    กรุงเทพ :^bสำนักพิมพ์จุฬาลงกรณ์มหาวิทยาลัย,^c2567
300    301 หน้า ;^c26 ซม.
501    Bookshelf: WY 3/1
999    ^aนางสาวณิชาพร เกตุศีระ
รายการนี้ยังไม่มีแท็ก
คุณยังไม่ได้ล็อกอิน คุณสามารถมีกิจกรรมร่วมกับเว็บไซต์ได้ แต่ต้องล็อกอินก่อน ::
  ล็อกอิน
ลำดับที่ ประเภท เลขเรียก สถานที่ สถานะ
1. หนังสือ
หนังสือ
WY150 ข275ก 2567 c.1 
  
วิทยาลัยพยาบาลบรมราชชนนี พระพุทธบาท
►หนังสือทั่วไป
On Shelf
2. หนังสือ
หนังสือ
WY150 ข275ก 2567 c.2 
  
วิทยาลัยพยาบาลบรมราชชนนี พระพุทธบาท
►หนังสือทั่วไป
On Shelf
3. หนังสือ
หนังสือ
WY150 ข275ก 2567 c.3 
  
วิทยาลัยพยาบาลบรมราชชนนี พระพุทธบาท
►หนังสือทั่วไป
On Shelf
4. หนังสือ
หนังสือ
WY150 ข275ก 2567 c.4 
  
วิทยาลัยพยาบาลบรมราชชนนี พระพุทธบาท
►หนังสือทั่วไป
On Shelf
5. หนังสือ
หนังสือ
WY150 ข275ก 2567 c.5 
  
วิทยาลัยพยาบาลบรมราชชนนี พระพุทธบาท
►หนังสือทั่วไป
On Shelf
6. หนังสือ
หนังสือ
WY150 ข275ก 2567 c.6 
  
วิทยาลัยพยาบาลบรมราชชนนี พระพุทธบาท
►หนังสือทั่วไป
On Shelf
7. หนังสือ
หนังสือ
WY150 ข275ก 2567 c.7 
  
วิทยาลัยพยาบาลบรมราชชนนี พระพุทธบาท
►หนังสือทั่วไป
On Shelf
8. หนังสือ
หนังสือ
WY150 ข275ก 2567 c.8 
  
วิทยาลัยพยาบาลบรมราชชนนี พระพุทธบาท
►หนังสือทั่วไป
On Shelf
9. หนังสือ
หนังสือ
WY150 ข275ก 2567 c.9 
  
วิทยาลัยพยาบาลบรมราชชนนี พระพุทธบาท
►หนังสือทั่วไป
On Shelf
10. หนังสือ
หนังสือ
WY150 ข275ก 2567 c.10 
  
วิทยาลัยพยาบาลบรมราชชนนี พระพุทธบาท
►หนังสือทั่วไป
On Shelf
   [แสดง 10/10 รายการ]

รายการใกล้เคียง
    ชื่อเรื่อง [การพยาบาลอายุรศาสตร์ที่พบบ่อย]

    ผู้แต่ง [ขวัญฤทัย ธรรมกิจไพโรจน์]

Bib 13399130136